For King and Country - The Proof of Your Love - Statistics

General Stats
  • This quiz has been taken 31 times
  • The average score is 57 of 83
Answer Stats
Answer % Correct
I
96%
love
96%
Love
96%
love,
96%
the
96%
The
96%
a
91%
an
87%
my
87%
of
87%
So
87%
You,
87%
You
87%
Your
87%
be
83%
but
83%
But
83%
If
83%
life
83%
proof,
83%
proof
83%
and
78%
don't
78%
have
78%
let
78%
Let
78%
to
78%
died
74%
every
74%
How
74%
how
74%
is
74%
lived,
74%
look
74%
made
74%
sacrifice
74%
sing,
74%
sing
74%
song
74%
waste
74%
what
74%
with
74%
breath
70%
empty
70%
like
70%
speak
70%
voice,
70%
leave
65%
silver
65%
You're
65%
bring
61%
Convince
61%
crowd,
61%
give
61%
hollow
61%
me
61%
noise
61%
soul
61%
who
61%
It
57%
needy
57%
tongue
57%
word
57%
all
52%
all
52%
bitter
52%
in
52%
poor?
52%
say
52%
taste
52%
then
52%
found
48%
poverty
48%
seems
48%
we
48%
When
48%
done
43%
it's
43%
said
43%
Only
39%
remains
39%
final
35%
our
35%
No matching quizzes found
Score Distribution
Percent of People with Each Score
Percentile by Number Answered
Your Score History
You have not taken this quiz